Biblioteca

Biografía : (Registro nro. 52288)

Detalles MARC
000 -LÍDER
Campo fijo de descripción fija 01175aab a2200193 i 4500
001 - NÚMERO DE CONTROL
Campo de control 768714001
003 - IDENTIFICADOR DEL NÚMERO DE CONTROL
Campo de control CO-MdFUSB
005 - FECHA Y HORA DE LA ULTIMA TRANSACCIÓN
control field 20240422144713.0
008 - ELEMENTOS DE LONGITUD FIJA -- INFORMACIÓN GENERAL
Campo fijo de descripción fija -- Información general 240422t1998 ag ||||| |||| 00| 0 spa d
040 ## - FUENTE DE CATALOGACIÓN
Idioma de catalogación spa
Agencia que realiza la transcripción CO-MdFUSB
041 ## - CÓDIGO DE IDIOMA
Código de idioma para texto/pista de sonido o título separado spa
100 1# - ASIENTO PRINCIPAL--NOMBRE PERSONAL
Nombre personal Powell, David R.
Término relacionador autor
245 10 - TÍTULO
Título Biografía :
Subtitulo Andrés Milne
Mención de responsabilidad / David R. Powell
300 ## - DESCRIPCIÓN FÍSICA
Extensión Volumen 17, número 1 (enero - marzo, 1998), páginas: 31 - 32
Dimensiones ; 27 cm
520 ## - NOTA DE RESUMEN, ETC.
Nota de sumario, etc. Milne, ‘‘el primero entre los primeros de ese grupo de obreros evangélicos que humilde y esforzadamente han trabajado para abrir surcos en la vida de estos nuevos pueblos», dedicó prácticamente toda su vida activa a lograr la distribución de las Sagradas Escrituras desde Quito hasta el Cabo de Hornos, o sea, desde el norte hasta el extremo sur de América del Sur.<br/>En Montevideo inició una exitosa escuela dominical antes que hubiera obra establecida allí, tras cuyas labores en dicha ciudad comenzó después la obra metodista.
650 #0 - ASIENTO SECUNDARIO DE MATERIA - TERMINO TEMÁTICO
Término temático o nombre geográfico como elemento de entrada Biografías cristianas
9 (RLIN) 1238
773 0# - ASIENTO DE ITEM FUENTE
Título Iglesia y Misión
Biblionumber 49402
Itemnumber 59635
Parte(s) relacionada(s) / Volumen., número. (mes año), páginas Volumen 17, número 1 (enero - marzo, 1998), páginas: 31 - 32
Enumeración y primera página páginas: 31
942 ## - TIPO DE MATERIAL (KOHA)
Tipo de Item KOHA Artículos de Revista

No hay ítems disponibles.

Biblioteca FUSBC | Teléfono: (57+4) 349 88 10 Ext. 141| WhatsApp (+57) 3005338115 
E-mail: biblioteca@unisbc.edu.co | Calle 76 87-14 Robledo Palenque, Medellín, Colombia

Con tecnología Koha